000 00462nam a2200169Ia 4500
008 230711s9999||||xx |||||||||||||| ||und||
020 _a978-1-118-73616-6
041 _aENG
082 _a720.285
_bSC-P
100 _aSchumacher,Patrik
245 0 _aParametricism 2.0 : Rethinking Architecture's Agenda for the 21st Century
250 _a2nd Ed.
260 _c2016
_aNew York
_bJohn Wiley & Sons.Inc
300 _a135p.
650 _aArchitecture
942 _cBK
999 _c6813
_d6813